Classifica Marcatori Mondiali di Calcio 2022 - Statistics

Statistiche generali
  • Questo quiz è stato fatto 463 volte
  • Il punteggio medio è 8 su 11
Statistiche sulle risposte
Gol Nazione Calciatore % Corretto
8 Francia Kylian Mbappé
100%
7 Argentina Lionel Messi
100%
4 Francia Olivier Giroud
78%
3 Spagna Álvaro Morata
76%
4 Argentina Julián Álvarez
76%
3 Brasile Richarlison
71%
3 Ecuador Enner Valencia
60%
3 Inghilterra Bukayo Saka
53%
3 Portogallo Gonçalo Ramos
53%
3 Inghilterra Marcus Rashford
46%
3 Paesi Bassi Cody Gakpo
43%
Nessun quiz corrispondente trovato
Distribuzione punteggi
Percentuale di utenti per punteggio
Percentile per numero di risposta
I tuoi punteggi nel tempo
Non hai fatto questo quiz